|
|
|
|
| LEADER |
00932nem a22002772a 4500 |
| 001 |
001431332 |
| 003 |
CZ BrMZK |
| 005 |
20150108092838.0 |
| 007 |
aj|c|||| |
| 008 |
141023s1977 xr |||| |a |r|||||eng d |
| 040 |
|
|
|a BOA001
|b cze
|
| 080 |
|
|
|a 656.7
|2 MRF
|
| 080 |
|
|
|a (084.3)
|2 MRF
|
| 245 |
0 |
0 |
|a Československé aerolinie
|h [kartografický dokument] :
|b Fly OK fly ČSA
|
| 246 |
3 |
|
|a Fly OK fly ČSA
|
| 260 |
|
|
|a Praha :
|b Kartografie,
|c 1977
|
| 300 |
|
|
|a 2 mapy na 1 listu :
|b barev. ;
|c 42 x 90 cm
|
| 500 |
|
|
|a Mapa leteckých linek
|
| 500 |
|
|
|a Datum vydání určeno podle výrobního čísla mapy
|
| 610 |
2 |
7 |
|a Československé aerolinie
|7 ko20010092601
|
| 650 |
0 |
7 |
|a letecká doprava
|7 ph115126
|2 czenas
|
| 655 |
0 |
7 |
|a mapy
|7 fd132800
|2 czenas
|
| 910 |
|
|
|a BOA001
|b Skř.9A-0780.568
|
| 990 |
|
|
|a MP
|
| 991 |
|
|
|b 201410
|
| 996 |
6 |
|
|b 2619022371
|c Skř.9A-0780.568
|l MZK
|r Sklad / do 24 hodin
|n 0
|w 001470142
|u 000010
|a 1
|e BOA001
|j MZK50
|s P
|